000 00345nam a2200157Ia 4500
003 0STCL
008 150530s9999 xx 000 0 und d
040 _aSTCL
_cSTCL
100 _aGladys Hasty Carroll
245 _aAs the earth turns
260 _c1960
546 _aEnglish
942 _2ddc
_cBK
999 _c67549
_d67549
005 20220125171345.0